| 000 | 00743nam a22002057a 4500 | ||
|---|---|---|---|
| 999 |
_c5061 _d5061 |
||
| 003 | AR-CdUCM | ||
| 008 | 190311b ||||| |||| 00| 0 spa d | ||
| 040 |
_aMUNICIPALIDAD PROVINCIAL DEL CUSCO _cBIBLIOTECA MUNICIPAL DEL CUSCO |
||
| 082 |
_a335.4 / _bC521 |
||
| 100 |
_aChernenko, K. _915445 |
||
| 245 |
_aLa democracia soviética : _bprincipios y práctica / |
||
| 260 |
_aMoscú : _bAgencia de prensa Nóvosti, _c1977. |
||
| 300 |
_a101 páginas ; _c16 cm. |
||
| 505 | _aSoberanía popular socialista premisas practicas -- El partido de la creación social -- El estado somos nosotros... | ||
| 650 |
_aLucha de clases. _94818 |
||
| 650 |
_aSocialismo. _91037 |
||
| 650 |
_aSoberanía popular. _915446 |
||
| 942 |
_2ddc _cLIBROS |
||
| 945 | _awfj | ||